| 000 | 00619nam a22002177a 4500 | ||
|---|---|---|---|
| 005 | 20251108170924.0 | ||
| 008 | 250721s1985 xx 000 0 ara d | ||
| 082 | 1 | 4 | _aط/ 792.8/ستر |
| 100 | 1 | _aسترتفيلد، نويل | |
| 245 | 1 | 0 | _aالباليه / |
| 250 | _aط.2 | ||
| 264 | 1 |
_aالقاهرة : _bدار المعارف، _c1985. |
|
| 300 | _a72ص. | ||
| 490 | 0 |
_aكتابك الأول عن _v11 |
|
| 650 | 1 | 7 | _aفن الرقص |
| 653 | _aناشئون كبار (15-18 سنة) | ||
| 653 | _aالبالية | ||
| 700 | 1 |
_aالعفراوي، نفيسة _eTran. |
|
| 942 |
_2ddc _cBK |
||
| 999 |
_c52183 _d52183 |
||